HPV-related oropharyngeal cancers: Main characteristics and new virological tools (notice n° 2212612)
[ vue normale ]
| 000 -LEADER | |
|---|---|
| fixed length control field | 02115cam a2200217 4500500 |
| 005 - DATE AND TIME OF LATEST TRANSACTION | |
| control field | 20260419000849.0 |
| 041 ## - LANGUAGE CODE | |
| Language code of text/sound track or separate title | fre |
| 042 ## - AUTHENTICATION CODE | |
| Authentication code | dc |
| 100 10 - MAIN ENTRY--PERSONAL NAME | |
| Personal name | Malassigné, Victor |
| Relator term | author |
| 245 00 - TITLE STATEMENT | |
| Title | HPV-related oropharyngeal cancers: Main characteristics and new virological tools |
| 260 ## - PUBLICATION, DISTRIBUTION, ETC. | |
| Date of publication, distribution, etc. | 2026.<br/> |
| 500 ## - GENERAL NOTE | |
| General note | 40 |
| 520 ## - SUMMARY, ETC. | |
| Summary, etc. | Human papillomavirus (HPV)–associated oropharyngeal squamous cell carcinomas (OPSCCs), predominantly driven by HPV16, constitute a clinically and biologically distinct entity from HPV-negative OPSCCs. Although these tumors generally have a more favorable prognosis and better response to standard treatments, approximately 10–25 % of patients experience recurrence following curative therapy. Currently, no validated biomarkers are available to identify patients at risk of relapse. This review covers: (i) the molecular bases distinguishing HPV-positive from HPV-negative OPSCCs; (ii) the heterogeneity of HPV-positive OPSCCs, with a particular focus on viral heterogeneity; and (iii) emerging molecular virological tools applicable in the context of HPV-positive OPSCCs. These viro-centric approaches include the detection and quantification of circulating tumor HPV DNA using digital polymerase chain reaction (dPCR), as well as whole viral genome sequencing, which is instrumental for investigating viral heterogeneity within these tumors. Taken together, these tools offer promising avenues for improving prognostic stratification and personalized monitoring of patients with HPV-positive OPSCCs. They are expected to facilitate the identification of biomarkers suitable for routine clinical use, thereby supporting therapeutic de-escalation strategies and reduced-intensity post-treatment surveillance. |
| 700 10 - ADDED ENTRY--PERSONAL NAME | |
| Personal name | Doghman, Imane |
| Relator term | author |
| 700 10 - ADDED ENTRY--PERSONAL NAME | |
| Personal name | Balan, Julie |
| Relator term | author |
| 700 10 - ADDED ENTRY--PERSONAL NAME | |
| Personal name | Mirghani, Haitham |
| Relator term | author |
| 700 10 - ADDED ENTRY--PERSONAL NAME | |
| Personal name | Péré, Hélène |
| Relator term | author |
| 700 10 - ADDED ENTRY--PERSONAL NAME | |
| Personal name | Veyer, David |
| Relator term | author |
| 786 0# - DATA SOURCE ENTRY | |
| Note | Virologie | 30 | 1 | 2026-03-09 | p. 49-61 | 1267-8694 |
| 856 41 - ELECTRONIC LOCATION AND ACCESS | |
| Uniform Resource Identifier | <a href="https://stm.cairn.info/journal-virologie-2026-1-page-49?lang=en&redirect-ssocas=7080">https://stm.cairn.info/journal-virologie-2026-1-page-49?lang=en&redirect-ssocas=7080</a> |
Pas d'exemplaire disponible.




Réseaux sociaux